Harry Potter: la Famille Dumbledore - Statistiques

Statistiques générales
  • Ce quiz a été pris 144 fois
    140 depuis la dernière actualisation
  • Le résultat moyen est 9 sur 12
Statistiques - réponses
Information Réponses % Correct
Statut de sang Sang-Mêlé
99%
Membre Abelforth Dumbledore
97%
Membre Albus Dumbledore
97%
Première apparition Harry Potter à l'école des sorciers
97%
Dernière apparition Harry Potter et les Reliques de la Mort
97%
Membre Ariana Dumbledore
95%
Membre Perceval Dumbledore
80%
Membre Kendra Dumbledore
78%
Lieu d'habitation Godric's Hollow
74%
Membre potentiel Aurelius Dumbledore
37%
Lieu d'habitation La Tête de Sanglier
24%
Lieu d'habitation Terre-en-Lande
9%
Aucun quiz correspondant
Distribution des résultats
% des personnes avec chaque résultat
Percentile par nombre de réponses
Votre historique - résultats
Vous n’avez pas pris ce quiz depuis la dernière actualisation